000
00270nam a22001217a 4500
008
181001b xxu||||| |||| 00| 0 eng d
041
_a
eng
080
_2
9th
_a
940
100
_a
16
101
_a
HIS
245
_a
American History a survey
_c
Brinkley,A
942
_2
udc
_c
BK
999
_c
48753
_d
48753